MARC details
| 000 -LEADER |
| fixed length control field |
01826cam a22004094a 4500 |
| 001 - CONTROL NUMBER |
| control field |
15516742 |
| 003 - CONTROL NUMBER IDENTIFIER |
| control field |
OSt |
| 005 - DATE AND TIME OF LATEST TRANSACTION |
| control field |
20150723120555.0 |
| 008 - FIXED-LENGTH DATA ELEMENTS--GENERAL INFORMATION |
| fixed length control field |
081106s2010 maua b 001 0 eng |
| 010 ## - LIBRARY OF CONGRESS CONTROL NUMBER |
| LC control number |
2008048702 |
| 016 7# - NATIONAL BIBLIOGRAPHIC AGENCY CONTROL NUMBER |
| Record control number |
101488602 |
| Source |
DNLM |
| 020 ## - INTERNATIONAL STANDARD BOOK NUMBER |
| International Standard Book Number |
9780073402062 (alk. paper) |
| 020 ## - INTERNATIONAL STANDARD BOOK NUMBER |
| International Standard Book Number |
0073402060 (alk. paper) |
| 035 ## - SYSTEM CONTROL NUMBER |
| System control number |
(OCoLC)ocn271597888 |
| 040 ## - CATALOGING SOURCE |
| Original cataloging agency |
SEKU |
| 042 ## - AUTHENTICATION CODE |
| Authentication code |
pcc |
| 050 00 - LIBRARY OF CONGRESS CALL NUMBER |
| Classification number |
R 725.5 |
| Item number |
.J8 2010 |
| 100 1# - MAIN ENTRY--PERSONAL NAME |
| Personal name |
Judson, Karen, |
| Dates associated with a name |
1941- |
| 245 10 - TITLE STATEMENT |
| Title |
Law & ethics for medical careers |
| Statement of responsibility, etc. |
Karen Judson, Carlene Harrison. |
| 246 3# - VARYING FORM OF TITLE |
| Title proper/short title |
Law and ethics for medical careers |
| 250 ## - EDITION STATEMENT |
| Edition statement |
5th ed. |
| 260 ## - PUBLICATION, DISTRIBUTION, ETC. (IMPRINT) |
| Place of publication, distribution, etc. |
Boston : |
| Name of publisher, distributor, etc. |
McGraw-Hill Higher Education, |
| Date of publication, distribution, etc. |
c2010. |
| 300 ## - PHYSICAL DESCRIPTION |
| Extent |
xix, 373 p. : |
| Other physical details |
col. ill. ; |
| Dimensions |
28 cm. |
| 500 ## - GENERAL NOTE |
| General note |
Rev. ed. of: Law and ethics for medical careers / Karen Judson, Carlene Harrison, Sharon Hicks. 4th ed. c2006. |
| 504 ## - BIBLIOGRAPHY, ETC. NOTE |
| Bibliography, etc |
Includes bibliographical references and index. |
| 505 0# - FORMATTED CONTENTS NOTE |
| Formatted contents note |
Introduction to law and ethics -- Working in health care -- Law, the courts, and contracts -- Professional liability and medical malpractice -- Defenses to liability suits -- Medical records and informed consent -- Privacy law and HIPAA -- Physicians' public duties and responsibilities -- Workplace legalities -- The beginning of life and childhood -- Death and dying -- Health care trends and forecasts. |
| 650 #0 - SUBJECT ADDED ENTRY--TOPICAL TERM |
| Topical term or geographic name as entry element |
Medical ethics. |
| 650 #0 - SUBJECT ADDED ENTRY--TOPICAL TERM |
| Topical term or geographic name as entry element |
Medical jurisprudence. |
| 650 #0 - SUBJECT ADDED ENTRY--TOPICAL TERM |
| Topical term or geographic name as entry element |
Medical assistants |
| General subdivision |
Professional ethics. |
| 650 #0 - SUBJECT ADDED ENTRY--TOPICAL TERM |
| Topical term or geographic name as entry element |
Medical assistants |
| General subdivision |
Legal status, laws, etc. |
| 650 12 - SUBJECT ADDED ENTRY--TOPICAL TERM |
| Topical term or geographic name as entry element |
Legislation, Medical |
| Geographic subdivision |
United States. |
| 650 22 - SUBJECT ADDED ENTRY--TOPICAL TERM |
| Topical term or geographic name as entry element |
Ethics, Medical |
| Geographic subdivision |
United States. |
| 650 22 - SUBJECT ADDED ENTRY--TOPICAL TERM |
| Topical term or geographic name as entry element |
Health Personnel |
| Geographic subdivision |
United States. |
| 700 1# - ADDED ENTRY--PERSONAL NAME |
| Personal name |
Harrison, Carlene. |
| 700 1# - ADDED ENTRY--PERSONAL NAME |
| Personal name |
Judson, Karen, |
| Dates associated with a name |
1941- |
| Title of a work |
Law and ethics for medical careers. |
| 942 ## - ADDED ENTRY ELEMENTS (KOHA) |
| Source of classification or shelving scheme |
Library of Congress Classification |
| Koha item type |
General circulation |